000 00450nam a2200169Ia 4500
008 131103s9999 xx 000 0 und d
040 _aLoreto College
041 _aEnglish
082 _a910/BHA
_bLCBED/13989
100 _aPal, Arun Shankar
245 _aHigher secondary geography
_cArun Shankar Pal
260 _aKolkata
_bBook syndicate
_c2004
300 _axvi,704p
_c 22cm.
650 _aGeography
850 _aLCBED/910/BHA
942 _cBK
999 _c29010
_d79489